000 01098nam a2200229 a 4500
001 000862263
003 AM-YeHGA
005 20250617161349.0
008 120127s1949 uz r 000 0 rus d
040 _aAM-YeHGA
041 0 _arus
245 0 0 _aСправочник по хлопководству /
_cРед. кол. Я.Д. Нагибин, Г.П. Попов и др.; ВНИИ хлопковод. (СоюзНИХИ); Ташкент. с.-х. ин-т.
260 _aТашкент :
_bГосиздат УзССР,
_c1949.
300 _a527 с. :
_bрис., табл. ;
_c25 см.
504 _aБиблиогр. в подстроч. примеч.
650 1 4 _aВолокнистые растения
_zУзбекская ССР
700 1 _aНагибин, Я.Д.
_eред.
_4edt
700 1 _aПопов, Г.П.
_eред.
_4edt
710 2 _aВсесоюзный научно-исследовательский институт хлопководства (СоюзНИХИ)
710 2 _aТашкентский сельскохозяйственный институт
090 _c473471
999 _c470224
_d470224